PROJET UT - Statistiques

Statistiques générales
  • Ce quiz a été pris 18 fois
  • Le résultat moyen est 11 sur 14
Statistiques - réponses
UT PROJET % Correct
: B2C
100%
: bolino
100%
: comedor
100%
: Elle&Co
100%
: HIH
100%
: Keepers
100%
: tudo bem
100%
: VI
100%
: YEGA
100%
: COA
50%
: kids
50%
: Reads
50%
: Resource
50%
: Student cop
0%
Aucun quiz correspondant
Distribution des résultats
% des personnes avec chaque résultat
Percentile par nombre de réponses
Votre historique - résultats
Vous n’avez pas pris ce quiz